Fallout 4 Vault 81 Characters - Statistics

General Stats
  • This quiz has been taken 19 times
  • The average score is 6 of 20
Answer Stats
Hint Answer % Correct
Cat Ashes
88%
Gets bitten by a Mole Rat in the quest Hole in the Wall Austin Engill
71%
Drug Addict that helps you with the quest Hole in the Wall Bobby De Luca
59%
She can be recruited to your settlement and is the sister of an drug addict Tina De Luca
59%
The botanist and adoptive mother to #3 Priscilla Penske
41%
Merchant in the Vault located in the Depot Alexis Combes
35%
Husband of #1 also works in the Depot Holt Combes
35%
Hair Dresser Horatio
29%
The Vaults school teacher Katy Pinn
29%
A trader at Longneck Lukowski that you can recruit to your Settlement Trader Rylee
29%
The repairman of the Vault Calvin Whitaker
24%
The Overseer Gwen McNamara
24%
Mechanic mr Handy Old Rusty
24%
A scientist Jacob Forsythe
18%
She hates outsiders because of her backstory Miranda Song
18%
The head of security in the Vault Officer Scott Edwards
18%
The cook together with her wife Mark Summerset
12%
The doctor of the Vault Rachel
12%
The cook together with her husband Maria Summerset
6%
Resident Neil Freund
6%
No matching quizzes found
Score Distribution
Percent of People with Each Score
Percentile by Number Answered
Your Score History
You have not taken this quiz